000 00850nam a22002177a 4500
005 2012080304214.0
010 _aB-477208
020 _a9788188789443
_c250.00
035 _aB-477208
037 _adpl
_bK.K.Pub/Ven
082 _a725.94095416
100 _aSunil Kumar
_950922
245 _aThe present in Delhi's Pasts:
_bfive essays/
_cby Sunil Kumar
250 _a2nd edn
260 _aGurgaon
_bThree essays
_c2011
270 _aB-957 Palam Vihar
_bGurgaon
_e122017
300 _a138p.
_c21cm.
942 _2ddc
_cEN
_mSUN
_h725.94095416
999 _c68853
_d68853